2000年以降に廃止された鉄道路線 - Statistics

General Stats
  • This quiz has been taken 49 times
  • The average score is 20 of 48
Answer Stats
日付 Answer % Correct
2016年12月5日 JR留萌本線
93%
2023年4月1日 JR留萌本線
93%
2021年4月1日 JR日高本線
80%
2018年3月31日 JR三江線
76%
2024年4月1日 JR根室本線
74%
2014年5月12日 JR江差線
72%
2020年5月7日 JR札沼線
72%
2019年4月1日 JR石勝線夕張支線
63%
2020年4月1日 JR大船渡線
57%
2006年4月21日 北海道ちほく高原鉄道ふるさと銀河線
54%
2014年4月1日 JR岩泉線
52%
2020年4月1日 JR気仙沼線
52%
2004年4月1日 名鉄三河線
50%
2001年10月1日 名鉄八百津線
48%
2005年4月1日 名鉄岐阜市内線
48%
2007年9月6日 高千穂鉄道高千穂線
48%
2008年12月28日 高千穂鉄道高千穂線
48%
2005年4月1日 のと鉄道能登線
46%
2003年11月30日 JR可部線
43%
2001年4月1日 のと鉄道七尾線
39%
2005年4月1日 名鉄美濃町線
39%
2008年4月1日 三木鉄道三木線
39%
2012年4月1日 十和田観光電鉄十和田観光電鉄線
39%
2001年4月1日 下北交通大畑線
37%
2012年4月1日 長野電鉄屋代線
37%
2001年10月1日 名鉄谷汲線
35%
2007年4月1日 くりはら田園鉄道くりはら田園鉄道線
35%
2008年4月1日 島原鉄道島原鉄道線
35%
2001年10月1日 名鉄揖斐線
33%
2001年10月1日 名鉄竹鼻線
33%
2005年4月1日 名鉄揖斐線
33%
2007年4月1日 鹿島鉄道鹿島鉄道線
33%
2006年12月1日 神岡鉄道神岡線
30%
2024年5月1日 スカイレールサービス広島短距離交通瀬野線
28%
2002年8月1日 南部縦貫鉄道南部縦貫鉄道線
26%
2005年4月1日 日立電鉄日立電鉄線
26%
2009年11月1日 北陸鉄道石川線
26%
2003年1月1日 有田鉄道有田線
24%
2007年4月1日 西鉄宮地岳線
24%
2006年10月1日 桃花台新交通桃花台線
22%
2023年12月27日 東京都交通局上野懸垂線
22%
2002年5月26日 南海和歌山港線
20%
2002年10月21日 京福電気鉄道永平寺線
20%
2005年4月1日 名鉄田神線
17%
2008年12月28日 名鉄モンキーパークモノレール線
17%
2002年4月1日 長野電鉄河東線
15%
2000年11月26日 西鉄北九州線
9%
2001年2月1日 小田急向ヶ丘遊園モノレール線
4%
No matching quizzes found
Score Distribution
Percent of People with Each Score
Percentile by Number Answered
Your Score History
You have not taken this quiz